• 首页
  • 本馆介绍
  • 公告通知
  • 最新文献
  • 馆藏检索
  • 电子资源
  • 读者导购
  • 参考咨询
  • 我的图书馆
  • 登录
  • 详细信息显示
  • 放入我的书架
  • 预约/预借图书
  • 作者相关作品
  • 分类相关作品
  • 丛书相关作品
  • 出版社相关作品

书目信息

  • 表格格式
  • 工作单格式
  • 卡片格式
题名:
现代心理学的方法论和历史发展中的一些问题
    
 
作者: 赵壁如 主编
分册:   译文集(二)
出版信息: 北京   中国社会科学出版社  1983
页数: 490页
开本: 19cm
丛书名:
单 册:
中图分类: B84-05
科图分类:
主题词: 心理学--关系
电子资源:
ISBN:
000 00878nam0 2200253 45
001 0183005884
005 20050603084622.1
010    @dCNY1.45
091    @a2190.073
100    @a19950929d1983 emky0chiy0121 ea
101 1  @achi
102    @aCN@b110000
105    @ay z 000yy
200 10 @a现代心理学的方法论和历史发展中的一些问题@Axian dai xin li xue de fang fa lun he li shi fa zhan zhong de yi xie wenti@e心理学中的哲学问题@EXin Li Xue Zhong De Zhe Xue Wen Ti@i译文集(二)@f赵壁如主编@FZhao Bi Ru Zhu Bian
210    @a北京@c中国社会科学出版社@d1983
215    @a490页@d19cm
517    @a心理学中的哲学问题@AXin Li Xue Zhong De Zhe Xue Wen Ti
517    @a译文集(二)@AYi Wen Ji(Er)
606    @a心理学@x关系
690    @aB84-05@v3
701  0 @a赵壁如@4主编
801  0 @aCN@b上海图书馆@c20040425
801  2 @aCN@bNLC@c20040425
905    @dB84-05@e46:2@f1@b133567
    
    现代心理学的方法论和历史发展中的一些问题:心理学中的哲学问题.译文集(二)/赵壁如主编.-北京:中国社会科学出版社,1983
    490页;19cm
    
    
    ISBN :CNY1.45
    
●
相关链接 在E读中查询图书 在五车中查询图书 在当当中查询图书 在豆瓣中查询图书


正题名:现代心理学的方法论和历史发展中的一些问题     索取号:B84-05/46:2         预约/预借

序号 登录号 条形码 馆藏地/架位号 状态 备注
1 0101958   001622113   密集书库/ [索取号:B84-05/46:2] 在馆    
2 0101960   000525284   密集书库/ [索取号:B84-05/46:2] 在馆    
3 0133565   001660900   密集书库/ [索取号:B84-05/46:2] 在馆    
4 0133566   001752936   密集书库/ [索取号:B84-05/46:2] 在馆    
5 0133567   002041917   第一样本阅览室/ [索取号:B84-05/46:2] 在馆    
6 0150614   001752981   密集书库/ [索取号:B84-05/46:2] 在馆    
7 0150615   001753203   密集书库/ [索取号:B84-05/46:2] 在馆    
8 0150616   000505279   密集书库/ [索取号:B84-05/46:2] 在馆    
唐山师范学院图书馆 欢迎您!
大连网信软件有限公司© 版权所有